000 00461nam a2200169Ia 4500
005 20250508160032.0
008 008 250505s9999 xx 000 0 eng d
037 _aBooks to be hide in OPAC
040 _aFEDL
_beng
_cFEDL
041 _aeng
_2eng
084 _a371. 270 954 79, BOM
_qFEDL
245 0 _aReport for the year 1928
260 _c1929
300 _a31p.
942 _cHB
_h371. 270 954 79, BOM
999 _c1361258
_d1361258